00766cam a2200217K 450000100060000000300080000600500170001400800410003103500240007203500190009604000380011504100080015308200200016110000300018124501240021126000840033530000310041950400230045065000280047370000470050113681BD-RjUL20211208235508.0140201r19651915enka 001 0 eng d a(OCoLC)ocn555215113 a(BD-RjUL)13733 aOCLCEbengcOCLCEdOCLCQdBD-RjUL aeng04a620.1bMOE 19651 aMorley, Arthur,db. 1876.10aElementary applied mechanics /cArthur Morley ... and William Inchley ... including 285 diagrams and numerous examples. aLondon ;aNew York [etc.] :bLongmans, Green, and Co.,c1915 [impression 1965]. avi, 382 :bdiagrs.c19 cm. aIncludes indexes.  0aMechanical engineering.1 aInchley, William,dd. 1915,ejoint author.